Logo BPK

Bibliografia Prac Pracowników

Politechniki Koszalińskiej

Uwarunkowana niepewnością ocena efektów wdrożenia systemu klasy ERP ARS z zastosowaniem modelowania i wnioskowania rozmytego / (Rekord nr 775)

Szczegóły MARC
000 -ETYKIETA REKORDU
podpole kontrolne o stałej długości 01004nab a2200193 i 4500
001 - NUMER KONTROLNY REKORDU
podpole kontrolne BPP
003 - IDENTYFIKATOR NUMERU KONTROLNEGO REKORDU
podpole kontrolne BPK
005 - DATA OSTATNIEJ MODYFIKACJI REKORDU
podpole kontrolne 20191005110903.0
008 - POLE O STAŁEJ DŁUGOŚCI - DANE KONTROLNE
podpole kontrolne o stałej długości 151214s2006 pl n f |000 0pol
040 ## - ŹRÓDŁO KATALOGOWANIA
Instytucja, która utworzyła rekord BPK
100 ## - NAZWA OSOBOWA
Nazwa osobowa Bach-Dąbrowska, Irena
Określenie rodzaju współpracy Autor
Lata pracy 2006 - .
Instytucja Politechnika Koszalińska - Wydział Elektroniki i Informatyki,
Wydział Katedra Podstaw Informatyki i Zarządzania
245 ## - TYTUŁ/ODPOWIEDZIALNOŚĆ
Tytuł Uwarunkowana niepewnością ocena efektów wdrożenia systemu klasy ERP ARS z zastosowaniem modelowania i wnioskowania rozmytego /
Pozostałe elementy strefy tytułu i oznaczenia odpowiedzialności Lilianna Ważna, Irena Bach, Zbigniew Banaszak.
260 ## - STREFA ADRESU WYDAWNICZEGO
Data publikacji, dystrybucji/powstania dokumentu 2006.
500 ## - UWAGI OGÓLNE
Tekst uwagi Dane z bibliografii załącznikowej.
650 #0 - HASŁO PRZEDMIOTOWE W FORMIE NAZWY OGÓLNEJ LUB JEDNOSTKOWEJ
Nazwa ogólna lub geograficzna Modelowanie i sterowanie rozmyte.
700 ## - HASŁO DODATKOWE - NAZWA OSOBOWA
Nazwa osobowa BANASZAK, Zbigniew.
Lata pracy 2003 - .
Instytucja Politechnika Koszalińska - Wydział Elektroniki i Informatyki,
Wydział Katedra Telekomunikacji
773 ## - TYTUŁ DOKUMENTU MACIERZYSTEGO
Wyrażenie wprowadzające W :
Tytuł Inżynieria produkcji : technologia, informacja, innowacja. -
Adres wydawniczy Zielona Góra : Oficyna Wydawnicza Uniwersytetu Zielonogórskiego, 2006
942 ## - HASŁO DODATKOWE - ELEMENTY(KOHA)
Typ dokumentu Artykuł
Schemat klasyfikacji Uniwersalna klasyfikacja dziesiętna

Brak dostępnych egzemplarzy.

© 2014 Biblioteka Politechniki Koszalińskiej :: BIBLIOGRAFIA PRAC PRACOWNIKÓW